[Event "GRE-ch U10 Girls"]
[Site "Niforeika"]
[Date "2000.04.??"]
[Round "7.1"]
[White "Elmaloglou, Marianthi"]
[Black "Bougioukalaki, Olga"]
[Result "1-0"]
[WhiteElo "1240"]
[BlackElo "1220"]
[PlyCount "71"]
[EventDate "2000.??.??"]
[EventType "swiss"]
[EventRounds "7"]
[EventCountry "GRE"]
[SourceTitle "EXT 2004"]
[Source "ChessBase"]
[SourceDate "2003.11.25"]
[SourceVersion "1"]
[SourceVersionDate "2003.11.25"]
[SourceQuality "1"]

1. d4 d5 2. Nf3 e6 3. Bf4 Nc6 4. e3 Bd7 5. Bd3 Nf6 6. Nbd2 Be7 7. 0-0 0-0 8. c4 Re8 9. Ne5 Bd6 10. Rb1 Bc8 11. Nxc6 bxc6 12. Bxd6 cxd6 13. Qa4 Bd7 14. cxd5 c5 15. Qa6 Bc8 16. Qc6 Rb8 17. dxe6 Bxe6 18. b3 cxd4 19. exd4 Nd5 20. Bb5 Qe7 21. Ne4 Bf5 22. Nxd6 Nb4 23. Qc5 Bxb1 24. Nxe8 Qxc5 25. dxc5 Rxb5 26. Rxb1 Nxa2 27. c6 Rb8 28. Ra1 Rxe8 29. c7 Nb4 30. Rxa7 Nc6 31. Ra1 Rc8 32. Rc1 Ne5 33. b4 Nd7 34. Rc6 Ne5 35. Rd6 Rf8 36. Rd8 1-0